| 000 | 00703nam a2200205 a 4500 | ||
|---|---|---|---|
| 005 | 20231124063625.0 | ||
| 008 | 030901s1993 mx r 000 0 spa d | ||
| 020 | _a9682959136 | ||
| 035 | _aUPN01000128313 | ||
| 049 | _aCG | ||
| 050 | 4 |
_aF1219.3 R38 _bM5.3 |
|
| 100 | 1 |
_aMillán Valenzuela, Saúl, _d1959- _935912 |
|
| 245 | 1 | 3 |
_aLa ceremonia perpetua : _bciclos festivos y organización ceremonial en el sur de Oaxaca / _cSaúl Millán. |
| 260 |
_aMéxico : _bINI : _bSEDESOL, _c1993. |
||
| 300 | _a290 p. | ||
| 440 | 0 | _aFiestas de los pueblos indígenas de México | |
| 650 | 4 |
_aIndígenas de México _xRitos y ceremonias _98538 |
|
| 650 | 4 |
_aIndígenas de México _zOaxaca _914859 |
|
| 905 | _aLibro | ||
| 999 |
_c100492 _d100492 |
||